000 00546nam a2200181 a 4500
001 000004619
005 20200929151454.0
008 090724s2007 ko a 001 spa d
020 _a9780521713177
040 _aDO-SdBNP
_bspa
_cBNPHU
082 _aM646a
100 1 _aNelson, Sarah M.,
_d1931-
_913468
245 1 0 _aThe archaeology of Korea /
_cSarah Milledge Nelson.
260 _aCambridge :
_bCambridge University Press,
_c2007.
300 _a307 p. :
_bil ;
_c24 cm.
500 _aIncluye referencia bibliográfica
500 _aIncluye índice
999 _c4427
_d4427